000 00416nam a2200181Ia 4500
001 14928
005 20260306164950.0
008 260306t2013||||xx |||||||||||||| ||spa||
041 _aESP
082 _a519.5
_bN49
100 _aNewbold, Paul
_eAUT
245 0 _aEstadística para administración y economía
260 _c2013
300 _a
_c
650 _aGEN
654 _aCMA
942 _cLIB
_dJUS
_fJUS
_2ddc
_n
999 _c14928
_d14928